• 首页
  • 本馆介绍
  • 公告通知
  • 最新文献
  • 馆藏检索
  • 电子资源
  • 读者导购
  • 参考咨询
  • 我的图书馆
  • 登录
  • 详细信息显示
  • 放入我的书架
  • 预约/预借图书
  • 作者相关作品
  • 分类相关作品
  • 丛书相关作品
  • 出版社相关作品

书目信息

  • 表格格式
  • 工作单格式
  • 卡片格式
题名:
遥感数据的不确定性问题
    
 
作者: 承继成 编著
分册:  
出版信息: 北京   科学出版社  2004
页数: 10,247页
开本: 26cm
丛书名: 地球信息科学基础丛书
单 册:
中图分类: TP751.1 , TP701
科图分类:
主题词: 遥感数据 , 不确定度 , 遥感数据--不确定度--研究 , 遥感技术
电子资源:
ISBN: 7-03-012046-9
000 01025nam0 2200313 450
000 00984nam0 2200289 450
000 00914nam0 2200265 450
000 00878nam0 2200253 45
005 20070525150948.79
010    @a7-03-012046-9@dCNY33.00
100    @a20070419d2004 em y0chiy0120 ea
101 0  @achi
102    @aCN@b110000
105    @ay z 000yy
200 1  @a遥感数据的不确定性问题@AYao Gan Shu Ju De Bu Que Ding Xing Wen Ti@f承继成等编著@FCheng Ji Cheng Deng Bian Zhu
210    @a北京@c科学出版社@d2004
215    @a10,247页@d26cm
225 2  @a地球信息科学基础丛书
330    @a本书重点分析了遥感过程中的不确定模型、度量、尺度效应、传递、可视化、定量分析及其减少不确定性的方法等。
410  0 @12001 @a地球信息科学基础丛书
606 0  @a遥感数据
606 0  @a不确定度
606 0  @a遥感数据@x不确定度@x研究
606 0  @a遥感技术
690    @aTP751.1@v4
690    @aTP701@v3
701  0 @a承继成@ACheng Ji Cheng@c(理学博士)@4编著
801  0 @aCN@bTAOJIN@c20070525
905    @a10447@dTP701@e23
    
    遥感数据的不确定性问题/承继成等编著.-北京:科学出版社,2004
    10,247页;26cm.-(地球信息科学基础丛书)
    
    
    ISBN 7-03-012046-9:CNY33.00
    本书重点分析了遥感过程中的不确定模型、度量、尺度效应、传递、可视化、定量分析及其减少不确定性的方法等。
●
相关链接 在E读中查询图书 在五车中查询图书 在当当中查询图书 在豆瓣中查询图书


正题名:遥感数据的不确定性问题     索取号:TP701/23         预约/预借

序号 登录号 条形码 馆藏地/架位号 状态 备注
1 0522715   205227155   第二样本阅览室/ [索取号:TP701/23] 在馆    
2 0522716   205227164   第三借阅区/ [索取号:TP701/23] 在馆    
3 0522717   205227173   第三借阅区/ [索取号:TP701/23] 在馆    
4 0522718   205227182   第三借阅区/ [索取号:TP701/23] 在馆    
5 0522719   205227191   第三借阅区/ [索取号:TP701/23] 在馆    
6 0522720   205227208   密集书库/ [索取号:TP701/23] 在馆    
7 0522721   205227217   密集书库/ [索取号:TP701/23] 在馆    
8 0522722   205227226   密集书库/ [索取号:TP701/23] 在馆    
唐山师范学院图书馆 欢迎您!
大连网信软件有限公司© 版权所有